000 00633nam a2200169 i 4500
001 56855
003 ES-MaACL
005 20230906163445.0
007 t|
008 031014s1971 sp ||||1| spa d
110 1 _aEspaña.
_bDirección General de Correos y Telecomunicación.
_93725
245 1 0 _aMemoria de los servicios
_b: Balance 1970. Perspectivas 1971 /
_cDirección General de Correos y Telecomunicación.
260 _aMadrid :
_b[s.n.],
_c1971.
300 _a87 p., 1 lám. ;
_c27 cm.
610 2 4 _aEspaña.
_bDirección General de Correos y Telecomunicación-
_vMemorias.
_9170425
852 _aES-MaACL
_jC-43412
_bR.79404
999 _c56855
_d56855